MARC

LEADER 00000nam0a2200000 4500
001 310057
005 20231102002241.0
035 |a (RuTPU)RU\TPU\book\335398 
090 |a 310057 
100 |a 20151120d1981 km y0rusy50 ca 
101 0 |a rus 
102 |a RU 
105 |a a z 001zd 
200 1 |a Исследования по истории механики  |f Академия наук СССР (АН СССР), Институт истории естествознания и техники (ИИЕТ АН СССР) ; под ред. А. Т. Григорьяна 
210 |a Москва  |c Наука  |d 1981 
215 |a 310 с.  |c ил. 
320 |a Библиогр. в конце гл. 
320 |a Список работ: с. 293-303 
320 |a Имен. указ.: с. 304-307 
600 1 |a Эйлер  |g Леонард  |f 1717-1783  |b Л.  |c российский учёный швейцарского происхождения  |c математик  |c физик  |c механик  |c астроном  |2 stltpush  |3 (RuTPU)RU\TPU\pers\525 
600 1 |a Четаев  |b Н. Г.  |c российский ученый, механик  |c академик РАН  |f 1902-1959  |g Николай Гурьевич  |2 stltpush  |3 (RuTPU)RU\TPU\pers\26186  |9 11994 
600 1 |a Попов  |b А. Ф.  |c русский математик  |c профессор Казанского университета  |f 1815-1878  |g Александр Федорович  |2 stltpush  |3 (RuTPU)RU\TPU\pers\13592  |9 4199 
600 1 |a Жуковский  |g Николай Егорович  |c российский учёный  |c основоположник современной аэродинамики  |f 1847-1921  |b Н. Е.  |2 stltpush  |3 (RuTPU)RU\TPU\pers\979 
606 1 |a Механика  |x История  |2 stltpush  |3 (RuTPU)RU\TPU\subj\43560  |9 63047 
610 1 |a классическая механика 
610 1 |a Россия 
610 1 |a Сербия 
610 1 |a кинематика точки 
610 1 |a интеграл Лапласа 
610 1 |a механика сплошной среды 
610 1 |a тела переменной массы 
610 1 |a гидромеханика 
675 |a 531(09)  |v 4 
702 1 |a Григорьян  |b А. Т.  |4 340 
712 0 2 |a Академия наук СССР (АН СССР)  |b Институт истории естествознания и техники (ИИЕТ АН СССР)  |c (Москва)  |c (1953- )  |2 stltpush  |3 (RuTPU)RU\TPU\col\8662 
801 1 |a RU  |b 63413507  |c 20151120 
801 2 |a RU  |b 63413507  |c 20191113  |g RCR 
942 |c BK